Algunos vertebrados fósiles de la cuenca del Duero / (Record no. 132897)

MARC details
000 -LEADER
campo de control de longitud fija 00712nam a2200193 4500
001 - NÚMERO DE CONTROL
campo de control 132897
003 - IDENTIFICADOR DE NÚMERO DE CONTROL
campo de control ES-MaACL
005 - FECHA Y HORA DE LA ÚLTIMA TRANSACCIÓN
campo de control 20250902102519.0
007 - CAMPO FIJO DE DESCRIPCIÓN FÍSICA--INFORMACIÓN GENERAL
campo de control de longitud fija t|
008 - DATOS DE LONGITUD FIJA--INFORMACIÓN GENERAL
campo de control de longitud fija 070214s1934 sp r ||||1| spa d
100 1# - ENTRADA PRINCIPAL--NOMBRE DE PERSONA
Nombre de persona Royo Gómez, José,
Fechas asociadas al nombre 1895-1961
9 (RLIN) 100228
245 10 - MENCIÓN DEL TÍTULO
Título Algunos vertebrados fósiles de la cuenca del Duero /
Mención de responsabilidad, etc. José Royo y Gómez.
260 ## - PUBLICACIÓN, DISTRIBUCIÓN, ETC.
Lugar de publicación, distribución, etc. Madrid :
Nombre del editor, distribuidor, etc. [s. n.],
Fecha de publicación, distribución, etc. 1934.
300 ## - DESCRIPCIÓN FÍSICA
Extensión 7 p., 4 lám. ;
Dimensiones 24 cm.
500 ## - NOTA GENERAL
Nota general Es tirada aparte de: Boletín de la Sociedad Española de Historia Natural, t. XXXIV, p. 505-511 + lám. XLV-XLVIII.
710 2# - ENTRADA AGREGADA--NOMBRE DE ENTIDAD CORPORATIVA
Nombre de entidad corporativa o nombre de jurisdicción como elemento de entrada Real Sociedad Española de Historia Natural
9 (RLIN) 6397
852 ## - LOCALIZACIÓN
Ubicación ES-MaACL
Número de control de estantería 1824-F-20
Sublocalización o colección R.17020
Holdings
Estatus retirado Estado de pérdida Estado de daño No para préstamo Colección Biblioteca de origen Biblioteca actual Ubicación en estantería Fecha de adquisición Fuente de adquisición Total de préstamos Signatura topográfica completa Código de barras Visto por última vez Precio de reemplazo Tipo de ítem Koha
        Colección de folletos Biblioteca del Ateneo de Madrid Biblioteca del Ateneo de Madrid Depósito folletos 17/01/2008     1824-F-20 1138352 23/02/2023 23/02/2023 Folleto